Pécsvárad központi hely szerepe a középkorban

Pécsvárad war am Ende des Mittelalters (im 15-16. Jahrhundert) eine kaum als Stadt nennbare Siedlung. Der Autor sucht die Antwort darauf, was für eine Rolle Pécs várad im früheren Zeitabschnitt unter den ungarischen Siedlungen einnahm. Die Studie fasst die Daten zusammen, mit deren Hilfe die Frühges...

Teljes leírás

Elmentve itt :
Bibliográfiai részletek
Szerző: Kőfalvi Tamás
Dokumentumtípus: Cikk
Megjelent: University of Szeged, Magyar Medievisztikai Kutatócsoport Szeged 2004
Sorozat:Acta Universitatis Szegediensis : acta historica 119
Kulcsszavak:Pécsvárad története - középkor
Tárgyszavak:
Online Access:http://acta.bibl.u-szeged.hu/2949
LEADER 01196nab a2200229 i 4500
001 acta2949
005 20260130085509.0
008 161015s2004 hu o 000 hun d
022 |a 0324-6965 
040 |a SZTE Egyetemi Kiadványok Repozitórium  |b hun 
041 |a hun 
041 |a ger 
100 1 |a Kőfalvi Tamás 
245 1 0 |a Pécsvárad központi hely szerepe a középkorban  |h [elektronikus dokumentum] /  |c  Kőfalvi Tamás 
260 |a University of Szeged, Magyar Medievisztikai Kutatócsoport  |b Szeged  |c 2004 
300 |a 65-73 
490 0 |a Acta Universitatis Szegediensis : acta historica  |v 119 
520 3 |a Pécsvárad war am Ende des Mittelalters (im 15-16. Jahrhundert) eine kaum als Stadt nennbare Siedlung. Der Autor sucht die Antwort darauf, was für eine Rolle Pécs várad im früheren Zeitabschnitt unter den ungarischen Siedlungen einnahm. Die Studie fasst die Daten zusammen, mit deren Hilfe die Frühgeschichte der Siedlung dargestellt werden kann. 
650 4 |a Bölcsészettudományok 
650 4 |a Történettudomány és régészet 
695 |a Pécsvárad története - középkor 
856 4 0 |u http://acta.bibl.u-szeged.hu/2949/1/historica_119_065-073.pdf  |z Dokumentum-elérés